000 00195 a2200097 4500
020 _a9781582462257
041 _aspa
100 _aScott Gifford
245 _apedazo= parte= porcentajes
942 _cBK
999 _c9031
_d9031